Եգիպտոսի հայ մէմլուքներն ու իշխանները Ֆաթիմեան շրջանին /Յ․ Սուֆեան ; Եգիպտոսի հայոց հին եւ արդի եկեղեցիները եւ պատմութիւն շինութեան Ս. Գրիգոր Լուսաւորիչ նորաշէն եկեղեցւոյ Գահիրէի / [Թ․ եպս․Գուշակյան] (Record no. 43256)
[ view plain ]
| 000 -LEADER | |
|---|---|
| fixed length control field | 01502nam a2200229Ia 4500 |
| 003 - CONTROL NUMBER IDENTIFIER | |
| control field | SEM |
| 005 - DATE AND TIME OF LATEST TRANSACTION | |
| control field | 20251020115556.0 |
| 008 - FIXED-LENGTH DATA ELEMENTS--GENERAL INFORMATION | |
| fixed length control field | 141116s19281927ua ||||gr||||||01|||arm|d |
| 040 ## - CATALOGING SOURCE | |
| Original cataloging agency | SEM |
| Transcribing agency | SEM |
| 041 ## - LANGUAGE CODE | |
| Language code of text/sound track or separate title | arm |
| 080 ## - UNIVERSAL DECIMAL CLASSIFICATION NUMBER | |
| Universal Decimal Classification number | 947.925(Սփ)/Ս-98 |
| 100 ## - MAIN ENTRY--PERSONAL NAME | |
| Personal name | Սուֆեան, Յ. ; [Գուշակյան, Թորգոմ եպս․] |
| Fuller form of name | [Սուֆյան, Յ.] |
| 245 ## - TITLE STATEMENT | |
| Title | Եգիպտոսի հայ մէմլուքներն ու իշխանները Ֆաթիմեան շրջանին /Յ․ Սուֆեան ; Եգիպտոսի հայոց հին եւ արդի եկեղեցիները եւ պատմութիւն շինութեան Ս. Գրիգոր Լուսաւորիչ նորաշէն եկեղեցւոյ Գահիրէի / [Թ․ եպս․Գուշակյան] |
| 260 ## - PUBLICATION, DISTRIBUTION, ETC. | |
| Place of publication, distribution, etc. | Գահիրէ ։ |
| -- | [Կահիրե] : |
| Name of publisher, distributor, etc. | տպ․ Լուսարձակ, |
| -- | տպ․ Յաբէթ-Պաղտասար, |
| Date of publication, distribution, etc. | 1928․ |
| 300 ## - PHYSICAL DESCRIPTION | |
| Extent | 80+122 էջ ; |
| Dimensions | 22 սմ |
| 505 ## - FORMATTED CONTENTS NOTE | |
| Formatted contents note | Յ․ Սուֆեան - |
| Title | Եգիպտոսի հայ մէմլուքներն ու իշխանները Ֆաթիմեան շրջանին։ |
| Miscellaneous information | 1928․-80 էջ<br/> |
| 505 ## - FORMATTED CONTENTS NOTE | |
| Formatted contents note | [Գուշակյան, Թորգոմ եպս․] - |
| Title | Եգիպտոսի հայոց հին եւ արդի եկեղեցիները եւ պատմութիւն շինութեան Ս. Գրիգոր Լուսաւորիչ նորաշէն եկեղեցւոյ Գահիրէի։ |
| Miscellaneous information | 1927․-122 էջ<br/> |
| 650 ## - SUBJECT ADDED ENTRY--TOPICAL TERM | |
| Topical term or geographic name entry element | Պատմություն |
| Geographic subdivision | Եգիպտոս |
| 650 ## - SUBJECT ADDED ENTRY--TOPICAL TERM | |
| Topical term or geographic name entry element | Վանքեր |
| General subdivision | հայ եկեղեցի |
| 653 ## - INDEX TERM--UNCONTROLLED | |
| Uncontrolled term | ՍԷՄ |
| 942 ## - ADDED ENTRY ELEMENTS (KOHA) | |
| Source of classification or shelving scheme | Universal Decimal Classification |
| Koha item type | Գրքեր/Books |
| Withdrawn status | Lost status | Source of classification or shelving scheme | Damaged status | Not for loan | Collection code | Home library | Current library | Date acquired | Cost, normal purchase price | Serial Enumeration / chronology | Inventory number | Total Checkouts | Full call number | Barcode | Date last seen | Price effective from | Koha item type | Public note |
|---|---|---|---|---|---|---|---|---|---|---|---|---|---|---|---|---|---|---|
| Universal Decimal Classification | Գրապահոց | Մայր Աթոռ Սուրբ Էջմիածին «Վաչե և Թամար Մանուկյան» Մատենադարան | Մայր Աթոռ Սուրբ Էջմիածին «Վաչե և Թամար Մանուկյան» Մատենադարան | 20/10/2025 | 2000.00 | Ալիգատ | 6781 | 947․925(Սփ)/Ս-98 | 6781 | 16/11/2014 | 16/11/2014 | Գրքեր/Books | Սպասարկվում է ընթերցասրահ |